LDR 00705naa#a2200205#i#450# 001 EN\RIOR\bibl\119547 005 20260425074026.6 011 ## _a2658-5340 100 ## _a20260331b2026####ek#y0engy0150####ca 102 ## _aRU 200 1# _aMethodology for Assessing the Semantic Integrity of an Information Model at the Life Cycle Stages of Construction Objects _eJournal article 210 1# _aMoscow _cPublishing Center RIOR _d2026 215 ## _a0 с. 608 ## _aJournal article _2local 700 #1 _aFetter _gMatvey Gelaevich 700 #1 _aZheleznov _gMaksim Maksimovich 700 #1 _aOstashev _gRoman Vital'evich 700 #1 _aGinzburg _gEvgeniia Aleksandrovna 700 #1 _aStrelkov _gAleksey Petrovich 856 4# _anaukaru.ru _u